[Event "DEM U12 2021"]
[Site "Willingen GER"]
[Date "2021.08.27"]
[Round "7"]
[White "Weber, Nikita"]
[Black "Braun, Julian"]
[Result "0-1"]
[Termination "normal"]
[Board "21"]
[WhiteElo "1352"]
[BlackElo "1436"]
[WhiteClock "00:54:16"]
[BlackClock "00:27:48"]
[PlyCount "118"]
[WhiteFideId "34608770"]
[BlackFideId "16289293"]
[EventCountry "GER"]
[EventRounds "9"]
[EventType "swiss"]
[EventDate "2021.08.22"]

1. c4 {[%clk 01:30:58]} {[%emt 00:00:02]} e5 {[%clk 01:30:59]} {[%emt
00:00:02]} 2. Nc3 {[%clk 01:31:24]} {[%emt 00:00:04]} Nf6 {[%clk 01:31:22]}
{[%emt 00:00:07]} 3. g3 {[%clk 01:31:52]} {[%emt 00:00:02]} Bb4 {[%clk
01:31:44]} {[%emt 00:00:08]} 4. Bg2 {[%clk 01:32:18]} {[%emt 00:00:04]} O-O
{[%clk 01:32:04]} {[%emt 00:00:11]} 5. e3 {[%clk 01:32:41]} {[%emt 00:00:06]}
Bxc3 {[%clk 01:32:28]} {[%emt 00:00:06]} 6. bxc3 {[%clk 01:33:07]} {[%emt
00:00:04]} c6 {[%clk 01:32:35]} {[%emt 00:00:23]} 7. d4 {[%clk 01:33:12]}
{[%emt 00:00:25]} e4 {[%clk 01:32:58]} {[%emt 00:00:07]} 8. Ne2 {[%clk
01:33:36]} {[%emt 00:00:06]} d5 {[%clk 01:33:11]} {[%emt 00:00:17]} 9. cxd5
{[%clk 01:32:50]} {[%emt 00:01:17]} cxd5 {[%clk 01:33:31]} {[%emt 00:00:09]}
10. h3 {[%clk 01:32:03]} {[%emt 00:01:17]} Nc6 {[%clk 01:32:50]} {[%emt
00:01:11]} 11. O-O {[%clk 01:31:56]} {[%emt 00:00:36]} Na5 {[%clk 01:32:34]}
{[%emt 00:00:47]} 12. Nf4 {[%clk 01:30:29]} {[%emt 00:01:57]} Nc4 {[%clk
01:32:01]} {[%emt 00:01:03]} 13. Re1 {[%clk 01:28:48]} {[%emt 00:02:10]} Re8
{[%clk 01:30:35]} {[%emt 00:01:56]} 14. Bf1 {[%clk 01:27:49]} {[%emt 00:01:30]}
b6 {[%clk 01:22:37]} {[%emt 00:08:28]} 15. Bxc4 {[%clk 01:23:43]} {[%emt
00:04:35]} dxc4 {[%clk 01:22:57]} {[%emt 00:00:11]} 16. Qa4 {[%clk 01:23:52]}
{[%emt 00:00:21]} Qc7 {[%clk 01:21:39]} {[%emt 00:01:48]} 17. Nd5 {[%clk
01:23:15]} {[%emt 00:01:07]} Qd8 {[%clk 01:20:14]} {[%emt 00:01:55]} 18. Nxf6+
{[%clk 01:23:18]} {[%emt 00:00:27]} gxf6 {[%clk 01:20:41]} {[%emt 00:00:03]}
19. Kg2 {[%clk 01:22:06]} {[%emt 00:01:42]} Be6 {[%clk 01:19:07]} {[%emt
00:02:04]} 20. Ba3 {[%clk 01:21:56]} {[%emt 00:00:39]} Qd5 {[%clk 01:15:00]}
{[%emt 00:04:38]} 21. Qd1 {[%clk 01:19:44]} {[%emt 00:02:42]} Kh8 {[%clk
01:04:23]} {[%emt 00:11:06]} 22. Rh1 {[%clk 01:18:59]} {[%emt 00:01:16]} Rg8
{[%clk 01:02:51]} {[%emt 00:02:02]} 23. Be7 {[%clk 01:18:09]} {[%emt 00:01:21]}
Rg6 {[%clk 00:58:40]} {[%emt 00:04:40]} 24. Rb1 {[%clk 01:16:40]} {[%emt
00:01:59]} Re8 {[%clk 00:56:45]} {[%emt 00:02:26]} 25. Ba3 {[%clk 01:16:32]}
{[%emt 00:00:38]} Reg8 {[%clk 00:53:07]} {[%emt 00:04:07]} 26. Qe2 {[%clk
01:15:56]} {[%emt 00:01:05]} h5 {[%clk 00:45:24]} {[%emt 00:08:13]} 27. Rbg1
{[%clk 01:00:07]} {[%emt 00:16:19]} h4 {[%clk 00:38:11]} {[%emt 00:07:44]} 28.
g4 {[%clk 01:00:01]} {[%emt 00:00:36]} f5 {[%clk 00:36:31]} {[%emt 00:02:10]}
29. Kf1 {[%clk 00:49:40]} {[%emt 00:10:50]} fxg4 {[%clk 00:36:28]} {[%emt
00:00:34]} 30. hxg4 {[%clk 00:50:02]} {[%emt 00:00:08]} Rxg4 {[%clk 00:36:32]}
{[%emt 00:00:26]} 31. Rxg4 {[%clk 00:50:10]} {[%emt 00:00:21]} Rxg4 {[%clk
00:36:52]} {[%emt 00:00:11]} 32. Rg1 {[%clk 00:48:18]} {[%emt 00:02:22]} Rxg1+
{[%clk 00:36:51]} {[%emt 00:00:31]} 33. Kxg1 {[%clk 00:48:43]} {[%emt
00:00:05]} Qg5+ {[%clk 00:36:54]} {[%emt 00:00:28]} 34. Kf1 {[%clk 00:48:50]}
{[%emt 00:00:22]} h3 {[%clk 00:35:01]} {[%emt 00:02:23]} 35. Bd6 {[%clk
00:48:57]} {[%emt 00:00:23]} Bg4 {[%clk 00:30:26]} {[%emt 00:05:05]} 36. Qxc4
{[%clk 00:48:49]} {[%emt 00:00:38]} Be6 {[%clk 00:26:22]} {[%emt 00:04:34]} 37.
Be5+ {[%clk 00:48:15]} {[%emt 00:01:05]} Qxe5 {[%clk 00:26:05]} {[%emt
00:00:46]} 38. Qc6 {[%clk 00:47:28]} {[%emt 00:01:17]} Qf5 {[%clk 00:23:57]}
{[%emt 00:02:37]} 39. Qc7 {[%clk 00:47:37]} {[%emt 00:00:21]} Qg5 {[%clk
00:22:24]} {[%emt 00:02:03]} 40. Qh2 {[%clk 00:47:34]} {[%emt 00:00:33]} Qg2+
{[%clk 00:22:30]} {[%emt 00:00:24]} 41. Qxg2 {[%clk 00:47:53]} {[%emt
00:00:07]} hxg2+ {[%clk 00:22:54]} {[%emt 00:00:10]} 42. Kxg2 {[%clk 00:48:11]}
{[%emt 00:00:05]} Bxa2 {[%clk 00:23:14]} {[%emt 00:00:18]} 43. Kf1 {[%clk
00:47:33]} {[%emt 00:01:08]} Bc4+ {[%clk 00:23:24]} {[%emt 00:00:20]} 44. Ke1
{[%clk 00:47:58]} {[%emt 00:00:04]} Kg7 {[%clk 00:23:43]} {[%emt 00:00:12]} 45.
Kd2 {[%clk 00:48:20]} {[%emt 00:00:08]} Kf6 {[%clk 00:24:02]} {[%emt 00:00:10]}
46. Kc2 {[%clk 00:48:42]} {[%emt 00:00:08]} Kg5 {[%clk 00:24:25]} {[%emt
00:00:08]} 47. Kb2 {[%clk 00:49:08]} {[%emt 00:00:04]} Kg4 {[%clk 00:24:42]}
{[%emt 00:00:12]} 48. Ka3 {[%clk 00:49:36]} {[%emt 00:00:04]} a5 {[%clk
00:25:00]} {[%emt 00:00:12]} 49. Ka4 {[%clk 00:49:58]} {[%emt 00:00:07]} Kf3
{[%clk 00:25:22]} {[%emt 00:00:08]} 50. d5 {[%clk 00:50:24]} {[%emt 00:00:04]}
Bxd5 {[%clk 00:25:44]} {[%emt 00:00:08]} 51. c4 {[%clk 00:50:49]} {[%emt
00:00:05]} Bxc4 {[%clk 00:26:02]} {[%emt 00:00:12]} 52. Ka3 {[%clk 00:51:17]}
{[%emt 00:00:03]} Kxf2 {[%clk 00:26:18]} {[%emt 00:00:14]} 53. Ka4 {[%clk
00:51:45]} {[%emt 00:00:01]} Kxe3 {[%clk 00:26:34]} {[%emt 00:00:14]} 54. Ka3
{[%clk 00:52:14]} {[%emt 00:00:01]} b5 {[%clk 00:26:38]} {[%emt 00:00:27]} 55.
Kb2 {[%clk 00:52:40]} {[%emt 00:00:04]} Kd2 {[%clk 00:26:52]} {[%emt 00:00:15]}
56. Ka3 {[%clk 00:53:01]} {[%emt 00:00:09]} e3 {[%clk 00:27:13]} {[%emt
00:00:10]} 57. Kb2 {[%clk 00:53:28]} {[%emt 00:00:02]} e2 {[%clk 00:27:35]}
{[%emt 00:00:08]} 58. Ka1 {[%clk 00:53:51]} {[%emt 00:00:06]} e1=Q+ {[%clk
00:27:58]} {[%emt 00:00:07]} 59. Kb2 {[%clk 00:54:16]} {[%emt 00:00:05]} Qc1#
{[%clk 00:27:48]} {[%emt 00:00:10]} 0-1

[Event "DEM U12 2021"]
[Site "Willingen GER"]
[Date "2021.08.27"]
[Round "7"]
[White "Rödel, Jannis"]
[Black "Schröder, Jan-Hendrik"]
[Result "1-0"]
[Termination "normal"]
[Board "22"]
[WhiteElo "1349"]
[BlackElo "1246"]
[WhiteClock "00:42:57"]
[BlackClock "00:08:05"]
[PlyCount "43"]
[WhiteFideId "34608834"]
[BlackFideId "16283538"]
[EventCountry "GER"]
[EventRounds "9"]
[EventType "swiss"]
[EventDate "2021.08.22"]

1. e4 {[%clk 01:30:58]} c5 {[%clk 01:30:47]} {[%emt 00:00:13]} 2. d4 {[%clk
01:31:26]} {[%emt 00:00:03]} cxd4 {[%clk 01:29:19]} {[%emt 00:01:58]} 3. c3
{[%clk 01:31:47]} {[%emt 00:00:09]} dxc3 {[%clk 01:23:40]} {[%emt 00:06:09]} 4.
Nxc3 {[%clk 01:31:12]} {[%emt 00:01:05]} d6 {[%clk 01:22:07]} {[%emt 00:02:03]}
5. Nf3 {[%clk 01:31:28]} {[%emt 00:00:14]} Nf6 {[%clk 01:14:52]} {[%emt
00:07:45]} 6. Bc4 {[%clk 01:31:10]} {[%emt 00:00:49]} g6 {[%clk 01:14:56]}
{[%emt 00:00:25]} 7. Qb3 {[%clk 01:31:04]} {[%emt 00:00:36]} e6 {[%clk
01:13:30]} {[%emt 00:01:56]} 8. O-O {[%clk 01:30:57]} {[%emt 00:00:37]} Qb6
{[%clk 01:08:58]} {[%emt 00:05:02]} 9. Bb5+ {[%clk 01:24:39]} {[%emt 00:06:47]}
Bd7 {[%clk 01:07:17]} {[%emt 00:02:12]} 10. Be3 {[%clk 01:24:54]} {[%emt
00:00:15]} Qd8 {[%clk 01:03:26]} {[%emt 00:04:21]} 11. Bxd7+ {[%clk 01:09:23]}
{[%emt 00:16:01]} Nbxd7 {[%clk 00:55:16]} {[%emt 00:08:39]} 12. Rfd1 {[%clk
01:06:24]} {[%emt 00:03:30]} Bg7 {[%clk 00:51:22]} {[%emt 00:04:25]} 13. e5
{[%clk 01:04:30]} {[%emt 00:02:24]} dxe5 {[%clk 00:49:24]} {[%emt 00:02:27]}
14. Nxe5 {[%clk 01:03:47]} {[%emt 00:01:13]} Qc7 {[%clk 00:44:03]} {[%emt
00:05:51]} 15. Nxd7 {[%clk 01:01:57]} {[%emt 00:02:20]} Nxd7 {[%clk 00:43:09]}
{[%emt 00:01:25]} 16. Nb5 {[%clk 01:02:05]} {[%emt 00:00:22]} Qa5 {[%clk
00:35:46]} {[%emt 00:07:53]} 17. Nd6+ {[%clk 01:00:54]} {[%emt 00:01:41]} Ke7
{[%clk 00:35:25]} {[%emt 00:00:50]} 18. Rac1 {[%clk 00:53:43]} {[%emt
00:07:41]} Rab8 {[%clk 00:28:14]} {[%emt 00:07:40]} 19. Bd2 {[%clk 00:50:17]}
{[%emt 00:03:57]} Qb6 {[%clk 00:27:54]} {[%emt 00:00:50]} 20. Bb4 {[%clk
00:49:04]} {[%emt 00:01:43]} Qa6 {[%clk 00:11:00]} {[%emt 00:17:24]} 21. Rc7
{[%clk 00:46:02]} {[%emt 00:03:31]} Kd8 {[%clk 00:08:05]} {[%emt 00:03:26]} 22.
Qc2 {[%clk 00:42:57]} {[%emt 00:03:35]} 1-0

[Event "DEM U12 2021"]
[Site "Willingen GER"]
[Date "2021.08.27"]
[Round "7"]
[White "Lehmann, Simon"]
[Black "Kullmann, Theo"]
[Result "1/2-1/2"]
[Termination "normal"]
[Board "23"]
[WhiteElo "1484"]
[BlackElo "1590"]
[WhiteClock "00:07:08"]
[BlackClock "00:27:39"]
[PlyCount "94"]
[WhiteFideId "16292537"]
[BlackFideId "16218582"]
[EventCountry "GER"]
[EventRounds "9"]
[EventType "swiss"]
[EventDate "2021.08.22"]

1. d4 {[%clk 01:30:58]} {[%emt 00:00:01]} d5 {[%clk 01:30:50]} {[%emt
00:00:11]} 2. Nf3 {[%clk 01:31:25]} {[%emt 00:00:03]} Nf6 {[%clk 01:30:20]}
{[%emt 00:01:00]} 3. Bf4 {[%clk 01:31:46]} {[%emt 00:00:09]} e6 {[%clk
01:29:58]} {[%emt 00:00:51]} 4. e3 {[%clk 01:32:08]} {[%emt 00:00:09]} Bd6
{[%clk 01:29:43]} {[%emt 00:00:45]} 5. Ne5 {[%clk 01:32:32]} {[%emt 00:00:07]}
O-O {[%clk 01:26:49]} {[%emt 00:03:23]} 6. Bd3 {[%clk 01:32:31]} {[%emt
00:00:31]} c6 {[%clk 01:23:19]} {[%emt 00:04:00]} 7. c3 {[%clk 01:32:14]}
{[%emt 00:00:48]} Qc7 {[%clk 01:22:39]} {[%emt 00:01:09]} 8. O-O {[%clk
01:32:08]} {[%emt 00:00:36]} Nbd7 {[%clk 01:15:58]} {[%emt 00:07:10]} 9. Nxd7
{[%clk 01:32:06]} {[%emt 00:00:33]} Bxd7 {[%clk 01:15:47]} {[%emt 00:00:41]}
10. Bxd6 {[%clk 01:32:18]} {[%emt 00:00:18]} Qxd6 {[%clk 01:16:09]} {[%emt
00:00:07]} 11. Nd2 {[%clk 01:31:43]} {[%emt 00:01:07]} Bc8 {[%clk 01:03:39]}
{[%emt 00:12:58]} 12. e4 {[%clk 01:28:59]} {[%emt 00:03:15]} dxe4 {[%clk
00:55:34]} {[%emt 00:08:36]} 13. Nxe4 {[%clk 01:28:55]} {[%emt 00:00:33]} Nxe4
{[%clk 00:53:16]} {[%emt 00:02:48]} 14. Bxe4 {[%clk 01:29:13]} {[%emt
00:00:12]} f5 {[%clk 00:41:27]} {[%emt 00:12:19]} 15. Bc2 {[%clk 01:25:51]}
{[%emt 00:03:52]} e5 {[%clk 00:40:47]} {[%emt 00:01:10]} 16. dxe5 {[%clk
01:24:03]} {[%emt 00:02:18]} Qxe5 {[%clk 00:39:35]} {[%emt 00:01:42]} 17. Re1
{[%clk 01:23:56]} {[%emt 00:00:36]} Qf6 {[%clk 00:38:44]} {[%emt 00:01:22]} 18.
Qe2 {[%clk 01:21:36]} {[%emt 00:02:50]} b6 {[%clk 00:27:10]} {[%emt 00:12:04]}
19. Rad1 {[%clk 01:18:26]} {[%emt 00:03:38]} f4 {[%clk 00:22:15]} {[%emt
00:05:27]} 20. Qe7 {[%clk 01:15:09]} {[%emt 00:03:47]} Bg4 {[%clk 00:16:08]}
{[%emt 00:06:36]} 21. f3 {[%clk 01:14:58]} {[%emt 00:00:42]} Bf5 {[%clk
00:15:21]} {[%emt 00:01:17]} 22. Bxf5 {[%clk 01:10:45]} {[%emt 00:04:43]} Qxf5
{[%clk 00:15:13]} {[%emt 00:00:38]} 23. Re4 {[%clk 01:03:59]} {[%emt 00:07:16]}
Rfe8 {[%clk 00:11:30]} {[%emt 00:04:14]} 24. Qxe8+ {[%clk 01:02:38]} {[%emt
00:01:51]} Rxe8 {[%clk 00:11:51]} {[%emt 00:00:08]} 25. Rxe8+ {[%clk 01:03:03]}
{[%emt 00:00:04]} Kf7 {[%clk 00:12:14]} {[%emt 00:00:08]} 26. Red8 {[%clk
00:58:09]} {[%emt 00:05:24]} Ke7 {[%clk 00:08:04]} {[%emt 00:04:40]} 27. R8d2
{[%clk 00:54:36]} {[%emt 00:04:01]} h6 {[%clk 00:06:25]} {[%emt 00:02:11]} 28.
Kf2 {[%clk 00:53:03]} {[%emt 00:02:02]} g5 {[%clk 00:05:39]} {[%emt 00:01:16]}
29. h3 {[%clk 00:52:07]} {[%emt 00:01:27]} h5 {[%clk 00:05:19]} {[%emt
00:00:50]} 30. Re1+ {[%clk 00:50:37]} {[%emt 00:01:59]} Kf6 {[%clk 00:04:10]}
{[%emt 00:01:39]} 31. Rd6+ {[%clk 00:45:03]} {[%emt 00:06:05]} Kf7 {[%clk
00:03:46]} {[%emt 00:00:54]} 32. Re4 {[%clk 00:43:44]} {[%emt 00:01:49]} Qc5+
{[%clk 00:02:24]} {[%emt 00:01:52]} 33. Rdd4 {[%clk 00:44:02]} {[%emt
00:00:12]} a5 {[%clk 00:02:14]} {[%emt 00:00:40]} 34. h4 {[%clk 00:40:15]}
{[%emt 00:04:17]} Qb5 {[%clk 00:01:27]} {[%emt 00:01:18]} 35. b3 {[%clk
00:39:43]} {[%emt 00:01:02]} Qc5 {[%clk 00:01:04]} {[%emt 00:00:52]} 36. c4
{[%clk 00:20:18]} {[%emt 00:19:55]} Qa3 {[%clk 00:01:00]} {[%emt 00:00:34]} 37.
Rd2 {[%clk 00:18:00]} {[%emt 00:02:48]} Qc1 {[%clk 00:00:40]} {[%emt 00:00:50]}
38. Rde2 {[%clk 00:14:52]} {[%emt 00:03:39]} Qh1 {[%emt 00:00:58]} 39. Re7+
{[%clk 00:14:45]} Kf8 {[%clk 00:01:04]} {[%emt 00:00:13]} 40. Re8+ {[%clk
00:14:31]} {[%emt 00:00:44]} Kf7 {[%clk 00:01:25]} {[%emt 00:00:10]} 41. R2e7+
{[%clk 00:14:32]} {[%emt 00:00:28]} Kf6 {[%clk 00:01:34]} {[%emt 00:00:21]} 42.
hxg5+ {[%clk 00:14:55]} {[%emt 00:00:07]} Kxg5 {[%clk 00:00:51]} {[%emt
00:01:13]} 43. Re5+ {[%clk 00:12:59]} {[%emt 00:02:27]} Kf6 {[%clk 00:00:56]}
{[%emt 00:00:24]} 44. R8e6+ {[%clk 00:12:45]} {[%emt 00:00:44]} Kf7 {[%clk
00:01:19]} {[%emt 00:00:07]} 45. Rxc6 {[%clk 00:12:06]} {[%emt 00:01:09]} Qa1
{[%clk 00:01:01]} {[%emt 00:00:47]} 46. Re2 {[%clk 00:06:48]} {[%emt 00:05:50]}
Qd4+ {[%clk 00:00:42]} {[%emt 00:00:49]} 47. Ke1 {[%clk 00:07:08]} {[%emt
00:00:09]} Qa1+ {[%clk 00:27:39]} {[%emt 00:03:34]} 1/2-1/2

[Event "DEM U12 2021"]
[Site "Willingen GER"]
[Date "2021.08.27"]
[Round "7"]
[White "Lumma, Justus"]
[Black "Quartz, Konstantin"]
[Result "1/2-1/2"]
[Termination "normal"]
[Board "24"]
[WhiteElo "1081"]
[BlackElo "1027"]
[WhiteClock "01:22:24"]
[BlackClock "01:13:36"]
[PlyCount "42"]
[WhiteFideId "16287193"]
[BlackFideId "34604383"]
[EventCountry "GER"]
[EventRounds "9"]
[EventType "swiss"]
[EventDate "2021.08.22"]

1. e4 {[%clk 01:30:44]} {[%emt 00:00:12]} e5 {[%clk 01:30:41]} {[%emt
00:00:22]} 2. Bc4 {[%clk 01:31:03]} {[%emt 00:00:10]} Nf6 {[%clk 01:30:51]}
{[%emt 00:00:21]} 3. d3 {[%clk 01:31:24]} {[%emt 00:00:09]} Bc5 {[%clk
01:29:25]} {[%emt 00:01:56]} 4. Nf3 {[%clk 01:31:36]} {[%emt 00:00:18]} Nc6
{[%clk 01:29:40]} {[%emt 00:00:15]} 5. Nc3 {[%clk 01:31:39]} {[%emt 00:00:26]}
d6 {[%clk 01:29:43]} {[%emt 00:00:28]} 6. h3 {[%clk 01:32:00]} {[%emt
00:00:10]} Bd7 {[%clk 01:27:55]} {[%emt 00:02:17]} 7. a3 {[%clk 01:30:17]}
{[%emt 00:02:14]} a6 {[%clk 01:26:32]} {[%emt 00:01:52]} 8. O-O {[%clk
01:26:01]} {[%emt 00:04:47]} Qe7 {[%clk 01:26:27]} {[%emt 00:00:34]} 9. Be3
{[%clk 01:26:03]} {[%emt 00:00:28]} O-O-O {[%clk 01:26:22]} {[%emt 00:00:35]}
10. b4 {[%clk 01:26:22]} {[%emt 00:00:12]} Bd4 {[%clk 01:26:06]} {[%emt
00:00:46]} 11. Bxd4 {[%clk 01:25:51]} {[%emt 00:01:01]} exd4 {[%clk 01:26:32]}
{[%emt 00:00:03]} 12. Ne2 {[%clk 01:25:38]} {[%emt 00:00:41]} Rdg8 {[%clk
01:20:49]} {[%emt 00:06:13]} 13. Nexd4 {[%clk 01:24:48]} {[%emt 00:01:22]} Nxd4
{[%clk 01:20:04]} {[%emt 00:01:16]} 14. Nxd4 {[%clk 01:25:07]} {[%emt
00:00:11]} Qe5 {[%clk 01:18:58]} {[%emt 00:01:36]} 15. Nf3 {[%clk 01:25:12]}
{[%emt 00:00:23]} Qh5 {[%clk 01:18:17]} {[%emt 00:01:12]} 16. a4 {[%clk
01:24:53]} {[%emt 00:00:50]} c6 {[%clk 01:17:30]} {[%emt 00:01:16]} 17. Qe2
{[%clk 01:25:05]} {[%emt 00:00:18]} d5 {[%clk 01:16:44]} {[%emt 00:01:17]} 18.
exd5 {[%clk 01:24:32]} {[%emt 00:01:03]} cxd5 {[%clk 01:17:12]} {[%emt
00:00:02]} 19. Bxa6 {[%clk 01:23:22]} {[%emt 00:01:39]} bxa6 {[%clk 01:17:11]}
{[%emt 00:00:31]} 20. d4 {[%clk 01:23:45]} {[%emt 00:00:07]} Qg6 {[%clk
01:13:09]} {[%emt 00:04:32]} 21. Qxa6+ {[%clk 01:22:24]} {[%emt 00:01:51]} Kd8
{[%clk 01:13:36]} {[%emt 00:00:03]} 1/2-1/2

[Event "DEM U12 2021"]
[Site "Willingen GER"]
[Date "2021.08.27"]
[Round "7"]
[White "Meng, Yuxuan"]
[Black "Schaudienst, Arvid"]
[Result "0-1"]
[Termination "normal"]
[Board "25"]
[WhiteElo "1495"]
[BlackElo "1368"]
[WhiteClock "00:22:31"]
[BlackClock "01:00:16"]
[PlyCount "106"]
[WhiteFideId "16258231"]
[BlackFideId "16266943"]
[EventCountry "GER"]
[EventRounds "9"]
[EventType "swiss"]
[EventDate "2021.08.22"]

1. e4 {[%clk 01:30:58]} {[%emt 00:00:02]} e5 {[%clk 01:30:54]} {[%emt
00:00:05]} 2. Nf3 {[%clk 01:31:20]} {[%emt 00:00:08]} Nc6 {[%clk 01:31:18]}
{[%emt 00:00:06]} 3. Bb5 {[%clk 01:31:45]} {[%emt 00:00:06]} a6 {[%clk
01:31:43]} {[%emt 00:00:05]} 4. Ba4 {[%clk 01:32:11]} {[%emt 00:00:04]} Nf6
{[%clk 01:32:04]} {[%emt 00:00:09]} 5. Qe2 {[%clk 01:32:35]} {[%emt 00:00:06]}
Bd6 {[%clk 01:32:26]} {[%emt 00:00:08]} 6. Nc3 {[%clk 01:32:27]} {[%emt
00:00:37]} O-O {[%clk 01:32:28]} {[%emt 00:00:29]} 7. O-O {[%clk 01:32:36]}
{[%emt 00:00:22]} Re8 {[%clk 01:32:01]} {[%emt 00:00:55]} 8. d3 {[%clk
01:32:26]} {[%emt 00:00:40]} h6 {[%clk 01:32:22]} {[%emt 00:00:09]} 9. Bb3
{[%clk 01:31:06]} {[%emt 00:01:50]} Na5 {[%clk 01:30:18]} {[%emt 00:02:35]} 10.
Bd5 {[%clk 01:23:48]} {[%emt 00:07:48]} Bc5 {[%clk 01:28:15]} {[%emt 00:02:31]}
11. Be3 {[%clk 01:18:08]} {[%emt 00:06:11]} Bxe3 {[%clk 01:21:11]} {[%emt
00:07:34]} 12. Qxe3 {[%emt 00:05:18]} c6 {[%emt 00:02:01]} 13. Bb3 {[%clk
01:05:15]} {[%emt 00:06:05]} Nxb3 {[%clk 01:21:03]} {[%emt 00:00:39]} 14. axb3
{[%clk 01:01:42]} {[%emt 00:04:03]} d5 {[%clk 01:18:21]} {[%emt 00:03:11]} 15.
exd5 {[%clk 01:01:05]} {[%emt 00:01:08]} cxd5 {[%clk 01:18:36]} {[%emt
00:00:14]} 16. Qc5 {[%clk 00:59:19]} {[%emt 00:02:16]} Bf5 {[%clk 01:16:22]}
{[%emt 00:02:44]} 17. Rfe1 {[%clk 00:51:16]} {[%emt 00:08:32]} Rc8 {[%clk
01:14:30]} {[%emt 00:02:20]} 18. Qa5 {[%clk 00:50:00]} {[%emt 00:01:48]} Qd6
{[%clk 01:11:12]} {[%emt 00:03:48]} 19. Rad1 {[%clk 00:42:43]} {[%emt
00:07:47]} d4 {[%clk 01:08:28]} {[%emt 00:03:14]} 20. Nb1 {[%clk 00:36:07]}
{[%emt 00:07:06]} Bg4 {[%clk 01:03:55]} {[%emt 00:05:04]} 21. Nbd2 {[%clk
00:33:52]} {[%emt 00:02:45]} Rxc2 {[%clk 01:03:31]} {[%emt 00:00:53]} 22. Nc4
{[%clk 00:30:01]} {[%emt 00:04:21]} Qd5 {[%clk 00:57:31]} {[%emt 00:06:31]} 23.
Qxd5 {[%clk 00:28:14]} {[%emt 00:02:17]} Nxd5 {[%clk 00:57:52]} {[%emt
00:00:09]} 24. Rxe5 {[%clk 00:26:38]} {[%emt 00:02:06]} Rxe5 {[%clk 00:56:58]}
{[%emt 00:01:24]} 25. Ncxe5 {[%clk 00:26:53]} {[%emt 00:00:15]} Bxf3 {[%clk
00:55:36]} {[%emt 00:01:52]} 26. Nxf3 {[%clk 00:27:10]} {[%emt 00:00:13]} Rxb2
{[%clk 00:55:21]} {[%emt 00:00:44]} 27. Nxd4 {[%clk 00:27:30]} {[%emt
00:00:10]} Nf4 {[%clk 00:54:59]} {[%emt 00:00:51]} 28. g3 {[%clk 00:25:49]}
{[%emt 00:02:11]} Nh3+ {[%clk 00:53:23]} {[%emt 00:02:06]} 29. Kg2 {[%clk
00:23:34]} {[%emt 00:02:45]} Nxf2 {[%clk 00:53:10]} {[%emt 00:00:43]} 30. Re1
{[%clk 00:19:41]} {[%emt 00:04:23]} Nxd3+ {[%clk 00:51:07]} {[%emt 00:02:33]}
31. Re2 {[%clk 00:20:00]} {[%emt 00:00:10]} Rxe2+ {[%clk 00:51:01]} {[%emt
00:00:38]} 32. Nxe2 {[%clk 00:20:22]} {[%emt 00:00:08]} Kf8 {[%clk 00:51:10]}
{[%emt 00:00:20]} 33. Kf3 {[%clk 00:20:11]} {[%emt 00:00:42]} Ke7 {[%clk
00:50:26]} {[%emt 00:01:14]} 34. Ke3 {[%clk 00:18:52]} {[%emt 00:01:48]} Nc5
{[%clk 00:50:24]} {[%emt 00:00:32]} 35. b4 {[%clk 00:18:09]} {[%emt 00:01:13]}
Ne6 {[%clk 00:48:58]} {[%emt 00:01:56]} 36. Ke4 {[%clk 00:17:33]} {[%emt
00:01:05]} Kd6 {[%clk 00:48:44]} {[%emt 00:00:45]} 37. Nc3 {[%clk 00:17:03]}
{[%emt 00:00:57]} b6 {[%clk 00:46:22]} {[%emt 00:02:56]} 38. Kd3 {[%clk
00:15:16]} {[%emt 00:02:17]} a5 {[%clk 00:43:39]} {[%emt 00:03:14]} 39. Kc4
{[%clk 00:12:13]} {[%emt 00:03:32]} axb4 {[%clk 00:40:53]} {[%emt 00:03:16]}
40. Kxb4 {[%clk 00:12:37]} {[%emt 00:00:06]} Nc7 {[%clk 00:39:40]} {[%emt
00:01:42]} 41. Ne4+ {[%clk 00:09:33]} {[%emt 00:03:33]} Kc6 {[%clk 00:39:22]}
{[%emt 00:00:50]} 42. Nd2 {[%clk 00:08:57]} {[%emt 00:01:06]} Nd5+ {[%clk
00:39:37]} {[%emt 00:00:15]} 43. Kc4 {[%clk 00:08:55]} {[%emt 00:00:32]} Ne3+
{[%clk 00:34:27]} {[%emt 00:05:40]} 44. Kb4 {[%clk 00:08:00]} {[%emt 00:01:25]}
Ng4 {[%clk 00:32:37]} {[%emt 00:02:20]} 45. Nf3 {[%clk 00:07:43]} {[%emt
00:00:45]} g5 {[%clk 00:32:23]} {[%emt 00:00:45]} 46. h3 {[%clk 00:07:48]}
{[%emt 00:00:26]} Nf6 {[%clk 00:30:23]} {[%emt 00:02:29]} 47. Ne5+ {[%clk
00:07:47]} {[%emt 00:00:30]} Kd5 {[%clk 00:30:35]} {[%emt 00:00:18]} 48. Nxf7
{[%clk 00:08:03]} {[%emt 00:00:15]} Ng8 {[%clk 00:30:53]} {[%emt 00:00:11]} 49.
h4 {[%clk 00:23:55]} {[%emt 00:14:38]} g4 {[%clk 00:59:54]} {[%emt 00:01:29]}
50. Kb5 {[%clk 00:23:50]} {[%emt 00:00:35]} Ke4 {[%clk 01:00:11]} {[%emt
00:00:14]} 51. Kxb6 {[%clk 00:24:01]} {[%emt 00:00:19]} Kf3 {[%clk 01:00:09]}
{[%emt 00:00:32]} 52. Kc5 {[%clk 00:23:00]} {[%emt 00:01:31]} Kxg3 {[%clk
01:00:16]} {[%emt 00:00:22]} 53. h5 {[%clk 00:22:31]} {[%emt 00:01:00]} Kf4
{[%clk 01:00:16]} {[%emt 00:00:29]} 0-1